Superdrago 1 curso de español para niños

Na minha lista:
Detalhes bibliográficos
Autor principal: Caparrós, Carolina
Outros Autores: Burnham, Charlie
Formato: Livro
Idioma:espanhol
Publicado em: Madrid SGEL - Educación 2009
Edição:primera edición
Assuntos:
Tags: Adicionar Tag
Sem tags, seja o primeiro a adicionar uma tag!

MARC

LEADER 00000nam a2200000 4500
001 0295185
005 20240416113609.5
020 |a 978-84-9778-547-1 
020 |a 978-84-16782-62-8 
041 0 |a spa 
044 |a ES 
245 1 0 |a Superdrago 1  |b curso de español para niños  |c Carolina Caparrós, Charlie Burnham 
250 |a primera edición 
264 1 |a Madrid  |b SGEL - Educación  |c 2009 
300 |a 73 s.  |e 2 CD 
610 2 0 |a jazyky cudzie 
610 2 0 |a španielčina 
610 2 0 |a terminológia 
610 2 0 |a zásoba slovná 
610 2 0 |a gramatika 
610 2 0 |a konverzácia 
610 2 0 |a výslovnosť 
610 2 0 |a vyučovanie 
100 1 |a Caparrós, Carolina 
700 1 |a Burnham, Charlie